Manual del emprendedor /

Bibliographic Details
Other Authors: Guerrero Pirateque, Alejandro (Editor)
Format: Electronic eBook
Language:Spanish
Published: Bogotá : Editorial Uniagustiniana, 2021.
Subjects:
Online Access:Digitalia Hispánica

MARC

LEADER 00000nam a2200000Ii 4500
001 DIGUAGANA0020
003 NyNyDIG
006 m o d
007 cr |||||||||||
008 250303s2021 ck a o 000 0 spa d
035 |a (OCoLC)1356008708 
040 |a DGITA  |b eng  |e rda  |e pn  |c DGITA 
020 |a 9789585498648  |q (digital) 
020 |z 9789585498631  |q (impreso) 
050 1 4 |a HD30.28 ebook 
245 0 0 |a Manual del emprendedor /  |c Alejandro Guerrero Pirateque, editor. 
264 1 |a Bogotá :  |b Editorial Uniagustiniana,  |c 2021. 
300 |a 1 online resource :  |b illustrations. 
336 |a text  |b txt  |2 rdacontent 
337 |a computer  |b c  |2 rdamedia 
338 |a online resource  |b cr  |2 rdacarrier 
347 |a text file  |2 rdaft 
347 |b PDF 
588 0 |a Online resource; title from PDF title page (Digitalia, viewed March 3, 2025) 
650 0 |a Business planning. 
650 0 |a New business enterprises. 
700 1 |a Guerrero Pirateque, Alejandro,  |e editor. 
776 0 8 |i Print version:  |t Manual del emprendedor.  |d Bogotá : Editorial Uniagustiniana, 2021  |z 9789585498631 
791 2 |a Digitalia (Firm),  |e distributor. 
793 0 |g Digitalia eBook Collection:  |a Editorial Uniagustiniana 
856 4 0 |3 Digitalia Hispánica  |u https://www.digitaliapublishing.com/a/162817/ 
910 |a Premium collection: 2025